Leadership ethics, 3V (Record no. 12013)

MARC details
000 -LEADER
fixed length control field 00449nam a2200169Ia 4500
008 - FIXED-LENGTH DATA ELEMENTS--GENERAL INFORMATION
fixed length control field 230917s9999||||xx |||||||||||||| ||und||
020 ## - ISBN
Price GBP450
040 ## - CATALOGING SOURCE
-- 218653
Original cataloging agency VIVEKANANDA LIBRARY
041 ## - Language
-- English
082 ## - DDC NUMBER
Classification number 658.4092 C498L
100 ## - MAIN ENTRY--PERSONAL NAME
Personal name Ciulla, Joanne B, ed.
245 #0 - TITLE STATEMENT
Title Leadership ethics, 3V
260 ## - PUBLICATION, DISTRIBUTION, ETC. (IMPRINT)
Place of publication, distribution, etc Los Angeles
Name of publisher, distributor, etc Sage Publications
Date of publication, distribution, etc 2013
300 ## - PHYSICAL DESCRIPTION
Pages v. p.
500 ## - GENERAL NOTE
General note 1623 05/08/2014 RBP41211 11/08/2014 Main Budget
942 ## - ADDED ENTRY ELEMENTS (KOHA)
Koha item type Books
Holdings
Withdrawn status Lost status Damaged status Not for loan Location (home branch) Sublocation or collection (holding branch) Shelving location Date acquired Koha issues (times borrowed) Koha full call number Accession No. Koha date last seen Koha item type
        VIVEKANANDA LIBRARY VIVEKANANDA LIBRARY IMSAR Library 20/09/2014   658.4092 C498L 307507 17/09/2023 Books
        VIVEKANANDA LIBRARY VIVEKANANDA LIBRARY IMSAR Library 20/09/2014   658.4092 C498L 307508 17/09/2023 Books
        VIVEKANANDA LIBRARY VIVEKANANDA LIBRARY IMSAR Library 20/09/2014   658.4092 C498L 307509 17/09/2023 Books
© Designed and Maintained by Vivekananda Library, MDU Rohtak